Alegría de Vivir (Ray Heredia) - Letra Completa - Estadísticas

Estadísticas generales
  • Esta prueba ha sido intentada 12 veces
  • La puntuación promedio es 184 de 227
Estadísticas de respuestas
Respuesta % Correcto
A
100%
Alegría
100%
Alegria
100%
alegria
100%
de
100%
De
100%
dentro
100%
El
100%
el
100%
gloria
100%
Ha
100%
infierno
100%
la
100%
La
100%
las
100%
Lo
100%
lo
100%
mi
100%
Mi
100%
no
100%
por
100%
Que
100%
que
100%
tu
100%
vivir
100%
Y
100%
y
100%
Ahora
75%
cerca
75%
Cuando
75%
estas
75%
habra
75%
pasao
75%
pienso
75%
siento
75%
adentro
50%
bellas
50%
busco
50%
dedicado
50%
encuentro
50%
Esto
50%
historias
50%
lamentos
50%
manera
50%
maneras
50%
me
50%
Mil
50%
mil
50%
mujeres
50%
sentir
50%
todas
50%
va
50%
momentos
25%
nuestras
25%
Nuestros
25%
nuestros
25%
vida
25%
viven
25%
Yo
25%
No se encontraron pruebas coincidentes
Distribución de puntuación
Porcentaje de gente con cada puntuación
Porcentaje por número respondido
Historial de tus puntuaciones
No has intentado esta prueba.